面積が50㎢未満の市町村(サドンデス) - Statistics

General Stats
  • This quiz has been taken 34 times
  • The average score is 2 of 16
Answers on the Grid
Answers color-coded by a green-red scale on the quiz's grid according to % correct below.
有田市
鎌倉市
善通寺市
坂戸市
筑後市
大和郡山市
京田辺市
小松島市
明石市
妹背牛町
沖縄市
横瀬町
関ケ原町
南城市
井川町
湯前町
双葉町
八千代市
恩納村
尼崎市
田布施町
刈谷市
生駒市
福津市
栗東市
河北町
安田町
大間町
みやき町
守山市
伊勢原市
滑川市
田川市
上三川町
本部町
勝央町
柴田町
富里市
羽島市
坂城町
松島町
川西市
知名町
合志市
歌志内市
 
Answer Stats
Answer % Correct
約39.66㎢ 鎌倉市
21%
約45.37㎢ 小松島市
21%
約47.95㎢ 井川町
17%
約39.93㎢ 善通寺市
13%
約48.64㎢ 妹背牛町
13%
約49.72㎢ 沖縄市
13%
約41.02㎢ 坂戸市
8%
約42.69㎢ 大和郡山市
8%
約49.41㎢ 明石市
8%
約49.28㎢ 関ケ原町
8%
約49.94㎢ 南城市
8%
約36.83㎢ 有田市
4%
約42.92㎢ 京田辺市
4%
約49.36㎢ 横瀬町
4%
約41.78㎢ 筑後市
0%
約48.37㎢ 湯前町
0%
No matching quizzes found
Score Distribution
Percent of People with Each Score
Percentile by Number Answered
Your Score History
You have not taken this quiz